000 00473nmm a2200157Ia 4500
008 251105s9999||||xx |||||||||||||||||und||
041 _aspa
100 _aVera Rojas, María Teresa
245 0 _aNuevas subjetividades / sexualidades literarias
264 _a[Madrid, España] :
_bEditorial Egales,
_c2018
300 _a247 páginas
490 _aEnsayo
650 _aSocial Sciences (General)
856 _uhttps://public.digitaliapublishing.com/a/163267
942 _cCF
999 _c99197
_d99197